| 000 | 00357nam a22001217a 4500 | ||
|---|---|---|---|
| 008 | 240730b |||||||| |||| 00| 0 eng d | ||
| 040 |
_aNational Science Library _cNational Science Library |
||
| 080 |
_a808.2:5 _bJ9 |
||
| 100 | _aTurkevich, J | ||
| 245 | _aRussian for the scientist | ||
| 260 |
_aLondon: _bD Van Nostrand Company, _c1959 |
||
| 942 |
_2udc _cBK |
||
| 999 |
_c65126 _d65126 |
||